Sustainable development indicators in your pocket (Record no. 117230)

MARC details
000 -LEADER
fixed length control field 01020cam a2200217 4500
001 - CONTROL NUMBER
control field WB4015-08
008 - FIXED-LENGTH DATA ELEMENTS--GENERAL INFORMATION
fixed length control field 040421n2004 000 0 eng u
035 ## - SYSTEM CONTROL NUMBER
System control number (Sirsi) u125908
245 ## - TITLE STATEMENT
Title Sustainable development indicators in your pocket
260 ## - PUBLICATION, DISTRIBUTION, ETC.
Date of publication, distribution, etc. 2004
490 ## - SERIES STATEMENT
Series statement DEFRA News Release
Volume/sequential designation (147/04) 21 April 2004 (2)
520 ## - SUMMARY, ETC.
Summary, etc. A free pocket-sized booklet providing a selection of around 50 of government's indicators of sustainable development is recently published. The aim of the booklet is to provide a clear set of indicators covering a number of key headline indicators such as economic growth, investment, climate change and housing quality. "Sustainable development indicators in your pocket" is available to download at www.sustainable-development.gov.uk.
590 ## - LOCAL NOTE (RLIN)
Local note WB
590 ## - LOCAL NOTE (RLIN)
Local note WB
650 ## - SUBJECT ADDED ENTRY--TOPICAL TERM
Topical term or geographic name entry element SUSTAINABLE DEVELOPMENT
650 ## - SUBJECT ADDED ENTRY--TOPICAL TERM
Topical term or geographic name entry element SUSTAINABLE DEVELOPMENT INDICATORS
650 ## - SUBJECT ADDED ENTRY--TOPICAL TERM
Topical term or geographic name entry element MONITORING
650 ## - SUBJECT ADDED ENTRY--TOPICAL TERM
Topical term or geographic name entry element PERFORMANCE INDICATORS
690 ## - LOCAL SUBJECT ADDED ENTRY--TOPICAL TERM (OCLC, RLIN)
Topical term or geographic name as entry element DEVELOPMENT-SUSTAINABLE
942 ## - ADDED ENTRY ELEMENTS (KOHA)
Suppress in OPAC 0
Holdings
Withdrawn status Lost status Source of classification or shelving scheme Damaged status Not for loan Home library Current library Shelving location Date acquired Total Checkouts Full call number Barcode Date last seen Copy number Price effective from Koha item type
    Dewey Decimal Classification     London London News article 21/04/2004   WB4015-08 125908-1001 06/08/2019 1 06/08/2019 News article